000 01078nam0a22002891 4500
001 v19\rc\1676578
005 20250619015221.0
035 _a(NLR Aleph) 004783189
090 _a4682900
_c4682900
100 _a20061002d1894 |||y0rusy50 ca
101 0 _arus
102 _aRU
105 _ay z |||||
200 1 _aО развитии и местонахождении вкусовых почек
_eДис. на степ. магистра вет. наук пом. прозектора при Юрьев. вет. ин-те Сергея Пучковского
210 _aЮрьев
_cтип. Шнакенбург
_d1894
215 _a80 с.
_d24
320 _aБиблиогр.: "Перечень цитированных авторов" (с. 74-76)
700 1 _aПучковский
_bС.Е.
_f1872-
_gСергей Ефимович
801 0 _aRU
_bNLR
_gpsbo
801 0 _aRU
_bRuMoRGB
_2psbo
801 1 _aRU
_bProSoft-M
_2rusmarc
852 _aNLR
_j18.180.1.58
852 _aNLR
_j133/1341
899 _aRuMoRGB
_jT 32/677
899 _aБАН
942 _cBOOK
980 _aNB